Rozpoznaj płaza po zdjęciu - Statystyki

Ogólne statystyki
  • Ten quiz został rozwiązany 6 razy
  • Średni wynik to 3 z 16
Statystyki odpowiedzi
Obrazkowy Odpowiedź % Poprawnych
Salamandra plamista
100%
Rzekotka drzewna
50%
Żaba trawna
50%
Grzebiuszka ziemna
17%
Kumak nizinny
17%
Żaba śmieszka
17%
Chwytnica kolorowa
0%
Gruboskórzec meksykański
0%
Liściołaz żółty
0%
Paedophryne amauensis
0%
Ropucha zielona
0%
Ropucha złota
0%
Rzekotka zielona
0%
Traszka górska
0%
Żaba rycząca
0%
Żaba wodna
0%
Nie znaleziono quizów pasujących do podanych kryteriów
Rozkład punktacji
Procent ludzi z każdym wynikiem
Percentyl według liczby udzielonych odpowiedzi
Twoja historia wyników
Nie rozwiązałeś tego quizu